000 00735nam a22002297a 4500
003 UA-OsUOA
001 87192
007 ta
008 20120915b un ||||| |||| 00| 0 ukr d
100 _aЭльсберг Я.
090 _a82.09
_bЭ53
942 _cBK
040 _aUA-OsUOA
_brus
_cUA-OsUOA
_dUA-OsUOA
245 _aМихаил Евграфович Салтыков-Щедрин
_bиз курса лекций по истории русской литературы ХІХ века
300 _a95 с.
955 _a1
041 _arus
080 _a82.09
260 _aМ.
_bИ-во Московского у-та
_c1953
650 7 _a82 Література. Літературознавство
_2UDC
999 _c373483
_d373483